Fast facts in Pediatrics (Record no. 23043)

MARC details
000 -LEADER
fixed length control field 00355nam a22001697a 4500
003 - CONTROL NUMBER IDENTIFIER
control field SGT
020 ## - INTERNATIONAL STANDARD BOOK NUMBER
International Standard Book Number 9788131219256
082 ## - DEWEY DECIMAL CLASSIFICATION NUMBER
Classification number 617.645
Item number F09F
100 ## - MAIN ENTRY--PERSONAL NAME
Personal name Feld, Leonard G.
245 ## - TITLE STATEMENT
Title Fast facts in Pediatrics
250 ## - EDITION STATEMENT
Edition statement 1st
260 ## - PUBLICATION, DISTRIBUTION, ETC. (IMPRINT)
Name of publisher, distributor, etc Elsevier
Year of Publication 2009
300 ## - PAGE DESCRIPTION
No. of Pages 757
650 ## - SUBJECT ADDED ENTRY--TOPICAL TERM
Topical term or geographic name as entry element Pediatrics
653 ## - KEYWORDS--INDEX TERM
Keyword term Pediatrics
942 ## - ADDED ENTRY ELEMENTS (KOHA)
Source of classification or shelving scheme Dewey Decimal Classification
Koha item type Books
Holdings
Withdrawn status Lost status Source of classification or shelving scheme Damaged status Not for loan Home library Current library Date acquired Vendor Name Cost, normal purchase price SGTU Bill Number Total Checkouts Full call number Accession No. (Barcode) Date last seen Bill Date Koha item type
    Dewey Decimal Classification     SGT Dental Library SGT Dental Library 20/07/2022 Ahuja Book Co. Pvt. Ltd. 645.00 SGTU 14707   617.645 F09F FD8961 21/07/2022 01/07/2022 Books
    Dewey Decimal Classification     SGT Dental Library SGT Dental Library 21/07/2022 Ahuja Book Co Pvt. Ltd. 645.00 SGTU 14707   617.645 F09F FD8962 27/07/2022 01/07/2022 Books